| 000 | 00893nam a2200217Ii 4500 | ||
|---|---|---|---|
| 003 | JO-AjNU | ||
| 008 | 230605s9999||||xx |||||||||||||| ||und|| | ||
| 017 | _a18/3501 | ||
| 020 | _a6690-618-28-5 | ||
| 040 |
_aJO-AjNU _bara _erda _cJO-AjNU |
||
| 041 | _aara | ||
| 050 | 1 | 4 | _aGB285.R88 1998 |
| 100 | 3 |
_aاشراف وتحرير الروثي، محمد احمد، اشراف وتحرير مصطفى محمد خوجلي, _eauthor _956925 |
|
| 245 | 0 | 0 | _aالمدينة المنورة: البيئة والإنسان = Al-MADINAHAL_MUNAWWARAH: MAN AND HIS ENVIRONMENT |
| 264 | 3 | 1 | _aالرياض: دار الواحة العربية، 1998 |
| 300 |
_a686ص _bيحتوي على خرائط وصور توضيحية |
||
| 336 |
_atext _btxt _2rdacontent |
||
| 337 |
_aunmediated _bn _2rdamedia |
||
| 338 |
_avolume _bnc _2rdacarrier |
||
| 650 | 4 |
_aالمدينة المنورة - جغرافيا _956926 |
|
| 999 |
_aA25479 _c29047 _d29047 |
||